La divina comedia
-д хадгалсан:
| Үндсэн зохиолч: | |
|---|---|
| Формат: | Ном |
| Хэл сонгох: | испани |
| Хэвлэсэн: |
Madrid
Espasa Calpe
2002
|
| Хэвлэл: | 22a. ed |
| Цуврал: | Colección Austral. Poesía, 333
|
| Нөхцлүүд: | |
| Шошгууд: |
Шошго нэмэх
Шошго байхгүй, Энэхүү баримтыг шошголох эхний хүн болох!
|
MARC
| LEADER | 00000nam a2200000 a 4500 | ||
|---|---|---|---|
| 001 | UCM8450 | ||
| 003 | CL-VaPUC | ||
| 008 | 030314e20020000SP |||||||||||||||||spa|d | ||
| 020 | |a 8423973336 | ||
| 082 | 0 | 4 | |a 851 |b ALI |2 21 |
| 100 | |a Alighieri, Dante |e autor |9 396 | ||
| 245 | 1 | 3 | |a La divina comedia |
| 250 | |a 22a. ed | ||
| 300 | |a 529 p | ||
| 942 | |c BK | ||
| 945 | |d 20030314 00:00:00 |a vberengu | ||
| 260 | |a Madrid |b Espasa Calpe |c 2002 | ||
| 650 | 0 | |a Poesías épicas italianas |9 265486 | |
| 650 | 0 | |a Poesías italianas |9 265352 | |
| 650 | 0 | |a Literatura italiana |9 266970 | |
| 583 | |a last modification |c 20030314 00:00:00 |k Rodrigo Vera | ||
| 490 | 0 | |a Colección Austral. Poesía, 333 | |
| 999 | |c 302957 |d 302955 | ||
| 952 | |0 0 |1 0 |4 0 |6 851_000000000000000_ALI_2002 |7 0 |8 A |9 363826 |a BIBCUR |b BIBCUR |d 2019-11-21 |i 3883973 |l 1 |m 1 |o 851 ALI 2002 |p 3883973 |r 2025-04-22 |s 2023-05-25 |w 2019-11-21 |y BK |k PER | ||
| 952 | |0 0 |1 0 |4 0 |6 851_000000000000000_ALI_2002 |7 0 |8 A |9 363827 |a BIBEDU |b BIBEDU |d 2019-11-21 |i 4000986 |l 5 |m 1 |o 851 ALI 2002 |p 4000986 |r 2023-03-24 |s 2023-03-17 |w 2019-11-21 |y BK |k LIT | ||